00313nam a2200121Ia 4500008004100000041000800041082001600049100001800065245004500083260004100128300001000169650001200179230724s1967 xx 000 0 und d aeng a348.048/CHA aChaitely D.V. aAll India Reporter -1967 Allahabad,Andra aNagpurbThe All India Reporterc1967 a884p. aREPORTS